| 000 | 00536nam a2200181 i 4500 | ||
|---|---|---|---|
| 001 | 32767 | ||
| 003 | ES-MaACL | ||
| 005 | 20230906154630.0 | ||
| 007 | t| | ||
| 008 | 030131s1968 sp ||||1| cat d | ||
| 100 | 1 |
_aBertrán, Jorge. _928493 |
|
| 245 | 1 | 5 |
_aPels difícils camins de la misió obrera / _cJordi Bertrán ; práoleg de Jaume Cuspinera. |
| 250 | _a[1ª ed.]. | ||
| 260 |
_aBarcelona : _bNova Terra, _c[1968] |
||
| 300 |
_a230 p. ; _c19 cm. |
||
| 700 | 1 |
_aCuspinera, Jaime. _942271 |
|
| 852 |
_aES-MaACL _jC-51822 _bR.65820 |
||
| 999 |
_c32767 _d32767 |
||